Detalles MARC
| 000 -LEADER |
| campo de control de longitud fija |
03085cam a22004094i 4500 |
| 003 - IDENTIFICADOR DE NÚMERO DE CONTROL |
| campo de control |
PE-LiUPU |
| 005 - FECHA Y HORA DE LA ÚLTIMA TRANSACCIÓN |
| campo de control |
20250731183414.0 |
| 008 - DATOS DE LONGITUD FIJA--INFORMACIÓN GENERAL |
| campo de control de longitud fija |
190923s2001 xxua r 000 0 eng d |
| 020 ## - NÚMERO INTERNACIONAL ESTÁNDAR DEL LIBRO |
| Número Internacional Estándar del Libro |
0130143324 |
| 020 ## - NÚMERO INTERNACIONAL ESTÁNDAR DEL LIBRO |
| Número Internacional Estándar del Libro |
9780130143327 |
| 035 ## - NÚMERO DE CONTROL DEL SISTEMA |
| Número de control de sistema |
(Sirsi) a252561 |
| 040 ## - FUENTE DE CATALOGACIÓN |
| Centro catalogador/agencia de origen |
PE-LiUPU |
| Lengua de catalogación |
spa |
| Centro/agencia transcriptor |
PE-LiUPU |
| Normas de descripción |
rda |
| 049 ## - FONDOS LOCALES (OCLC) |
| Biblioteca depositaria |
PRUA |
| 082 04 - NÚMERO DE LA CLASIFICACIÓN DECIMAL DEWEY |
| Número de clasificación |
780.72 |
| Cutter |
W61 |
| Número de edición |
23 |
| 100 1# - ENTRADA PRINCIPAL--NOMBRE DE PERSONA |
| Nombre de persona |
Wingell, Richard, |
| Término indicativo de función/relación |
autor. |
| 245 10 - MENCIÓN DEL TÍTULO |
| Título |
Introduction to research in music / |
| Mención de responsabilidad, etc. |
Richard J. Wingell, Silvia Herzog. |
| 264 ## - PRODUCCIÓN, PUBLICACIÓN, DISTRIBUCIÓN, FABRICACIÓN Y COPYRIGHT |
| Producción, publicación, distribución, fabricación y copyright |
Upper Saddle River : |
| Nombre del de productor, editor, distribuidor, fabricante |
Prentice Hall, |
| Fecha de producción, publicación, distribución, fabricación o copyright |
2001. |
| 300 ## - DESCRIPCIÓN FÍSICA |
| Extensión |
xiv, 283 páginas : |
| Otras características físicas |
ilustraciones ; |
| Dimensiones |
23 centímetros. |
| 336 ## - TIPO DE CONTENIDO |
| Término de tipo de contenido |
text |
| Fuente |
rdacontent |
| 337 ## - TIPO DE MEDIO |
| Nombre/término del tipo de medio |
unmediated |
| Fuente |
rdamedia |
| 338 ## - TIPO DE SOPORTE |
| Nombre/término del tipo de soporte |
volume |
| Fuente |
rdacarrier |
| 505 0# - NOTA DE CONTENIDO CON FORMATO |
| Nota de contenido con formato |
Resources for research -- Research in music -- The art and science of research -- Search strategies -- Kinds of research in music -- Print resources for research in music -- Libraries and archives -- Bibliographies of books about music -- Music dictionaries and encyclopedias -- Histories of music -- Periodicals, collections of essays, indexes -- Dissertations -- Print resources for locating music -- Bibliographies of music -- Thematic catalogues -- Monuments and editions -- Music manuscripts -- Studies of music publishers -- Discographies -- Sample pages from print resources -- Electronic resources for research -- Equipment -- Types of material -- World Wide Web sites -- World Wide Web: samples -- World Wide Web sites: illustrated examples of methodology -- History of notation, publishing, and printing -- Notation and the theory of signs -- Limitations of notation -- The history of notation -- Examples of manuscript notation -- Music printing and publishing -- Examples of printed music -- Comparison of editions -- Writing a research paper -- Planning a paper -- Topic and thesis -- Critical thinking -- Assembling materials -- Reading your sources -- Proposals and abstracts -- Outlining -- Writing the paper -- Contexts that require footnotes -- Acceptable use of other writers' materials -- Editing and proofreading -- Presenting and publishing your work -- Conclusion -- Format and style -- Guidelines for written assignments -- Using musical examples -- Special problems related to writing about music -- Punctuation guidelines -- Bibliography and footnote form -- Citing electronic resources -- Annotating a bibliography -- Sample article and discussion |
| 526 ## - NOTA DE INFORMACIÓN SOBRE EL PROGRAMA DE ESTUDIO |
| Nombre del programa |
Maestría Bim Facility Management (A distancia) |
| 526 ## - NOTA DE INFORMACIÓN SOBRE EL PROGRAMA DE ESTUDIO |
| Nombre del programa |
|
| 526 ## - NOTA DE INFORMACIÓN SOBRE EL PROGRAMA DE ESTUDIO |
| Nombre del programa |
Educación musical y artes |
| 526 ## - NOTA DE INFORMACIÓN SOBRE EL PROGRAMA DE ESTUDIO |
| Nombre del programa |
Educación, especialidad educación física |
| 526 ## - NOTA DE INFORMACIÓN SOBRE EL PROGRAMA DE ESTUDIO |
| Nombre del programa |
Arquitectura |
| 596 ## - |
| -- |
1 |
| 650 04 - PUNTO DE ACCESO ADICIONAL DE MATERIA--TÉRMINO DE MATERIA |
| Término de materia o nombre geográfico como elemento de entrada |
Música |
| Subdivisión general |
Enseñanza |
| -- |
Investigaciones. |
| 650 04 - PUNTO DE ACCESO ADICIONAL DE MATERIA--TÉRMINO DE MATERIA |
| Término de materia o nombre geográfico como elemento de entrada |
Music |
| Subdivisión general |
Instruction and study |
| -- |
Research. |
| Fuente del encabezamiento o término |
fast |
| Número de control del registro de autoridad o número normalizado |
(OCoLC)fst01030367 |
| 700 1# - ENTRADA AGREGADA--NOMBRE PERSONAL |
| Nombre de persona |
Herzog, Silvia, |
| Término indicativo de función/relación |
autor. |
| 910 ## - DATOS DE OPCIÓN DEL USUARIO (OCLC) |
| Datos de opción del usuario |
bgr |
| -- |
ksl |
| -- |
ksl |
| -- |
20190923 |
| 942 ## - ELEMENTOS DE ENTRADA SECUNDARIOS (KOHA) |
| Fuente del sistema de clasificación o colocación |
Clasificación Decimal Dewey |
| Tipo de ítem Koha |
|
| 994 ## - |
| -- |
C0 |
| -- |
PEPRU |
| 999 ## - NÚMEROS DE CONTROL DE SISTEMA (KOHA) |
| -- |
DEWEY |
| -- |
80668 |
| -- |
2021-11-8 |
| -- |
3 |
| -- |
CCODEBUL1 |
| -- |
BUL |
| -- |
25.00 |
| -- |
0 |
| -- |
Y |
| -- |
BOOK |
| -- |
2019-9-23 |
| -- |
EDUCACION |
| -- |
P17 |
| -- |
COMPRA |
| -- |
.STAFF. Colección Ciencias Humanas y Educación |
| 980 ## - EQUIVALENCIA O REFERENCIA-CRUZADA-MENCIÓN DE SERIE--NOMBRE DE PERSONA/TÍTULO [LOCAL, CANADÁ] |
| ID del último usuario que modificó el registro |
1 |
| Nombre del último usuario que modificó el registro |
ALBERTO SANCHEZ Responsable de Automatización |